000 00624nam a2200253Ia 4500
003 OSt
005 20220918220519.0
006 a|||||r|||| 00| 0
007 ta
008 220917b |||||||| |||| 00| 0 eng d
024 _a146,247
037 _cTextual
040 _aARTS
_cARTS
_beng
041 _2eng
_aeng
082 _aY9(L), L8
100 _aCoe Rodney M
_9137663
245 0 _aSociology of medicine
250 _a2nd
260 _aNew York
_bMc Graw Hill
_c1978
300 _ax, 437p.
_ccm.
650 _aSOCIOLOGY
942 _hY9(L), L8
_cTEXL
_2CC
999 _c269003
_d269003